| 000 | 01157nam a2200121Ia 4500 | ||
|---|---|---|---|
| 008 | 220620s9999||||xx |||||||||||||| ||und|| | ||
| 100 | _aLen, Christophe||Luisi, Renzo | ||
| 245 | 0 | _aCatalytic Methods in Flow Chemistry | |
| 546 | _aEnglish[eng] | ||
| 650 | _an/a||dynamic mesh||catalytic hydrodechlorination||Pd catalyst||fuel reactor||catalysis||alcohols||Rhynchophorus ferrugineus||ketones||numerical prediction||heterogeneous catalyst||5-hydroxymethylfurfural (HMF)||CO2 capture||chemical looping combustion||SBA-15||biodiesel||?-valerolactone||(bio) catalysis||economizer||erosion rate||magnesium||circulating fluidized bed||continuous reactor||erosion evolution||kinetics||Meerwein–Ponndorf–Verley reduction||flow microreactor||CFD||micro reactor||Oppenauer oxidation||chlorophenols||succinate||aldehydes||multiphase catalysis||methyl levulinate||pheromone||zirconium||flow chemistry||continuous flow||biomass||glucose||oxidation||dialkyl succinates||tube-in-tube||aerobic||chemo-enzymatic catalysis||homogeneous catalysis||lipase Cal B||expiry period||titanium dioxide | ||
| 856 | _uhttps://mdpi.com/books/pdfview/book/2182 | ||
| 942 | _cEB | ||
| 999 |
_c33633 _d33633 |
||